|
|
|
|
| LEADER |
01070nam a2200265 a 4500 |
| 001 |
3067595 |
| 008 |
100511s1996 bg b i000 0 eng d |
| 010 |
|
|
|a \\\96905667
|
| 040 |
|
|
|a DLC
|c DLC
|d BD-DhAAL
|
| 082 |
0 |
0 |
|a 363.9/6095492
|2 21
|
| 100 |
2 |
|
|a Piet-Pelon, Nancy J.
|
| 245 |
1 |
0 |
|a Reproductive health in Bangladesh :
|b a sectoral review /
|c prepared by Nancy J. Piet-Pelon.
|
| 260 |
|
|
|a Dhaka :
|b United Nations Population Fund,
|c 1996.
|
| 300 |
|
|
|a 83 p. ;
|c 22 cm.
|
| 504 |
|
|
|a Includes bibliographical references
|
| 541 |
1 |
|
|e 00006158
|
| 650 |
|
0 |
|a Birth control
|z Bangladesh.
|
| 650 |
|
0 |
|a Fertility, Human
|z Bangladesh.
|
| 650 |
|
0 |
|a Mothers
|x Health and hygiene
|z Bangladesh.
|
| 650 |
|
0 |
|a Children
|x Health and hygiene
|z Bangladesh.
|
| 650 |
|
0 |
|a Human reproductive technology
|z Bangladesh.
|
| 710 |
2 |
|
|a United Nations Population Fund.
|
| 852 |
4 |
|
|a Ayesha Abed Library
|j General Shelf
|
| 999 |
|
|
|c 8512
|d 8512
|
| 952 |
|
|
|0 0
|1 0
|2 ddc
|4 0
|6 363_960954920000000_PIE_1996
|7 0
|9 10037
|a BRACUL
|b BRACUL
|c GEN
|d 2010-05-11
|l 0
|o 363.96095492 PIE
|p 3010006158
|r 2010-05-11
|t 1
|w 2010-05-11
|y BK
|